| 000 | 00646nam a22002297a 4500 | ||
|---|---|---|---|
| 001 | 00028811 | ||
| 005 | 20260417065325.0 | ||
| 008 | 260417b ag ||||| |||| 00| 0 spa d | ||
| 020 | _a9789870707783 | ||
| 040 |
_aAR-CcCEOS _bspa _cAR-CcCEOS |
||
| 041 | _aspa | ||
| 080 | _a860-36(82) | ||
| 090 | _bPRA7 | ||
| 100 | 1 |
_aPratt, Hugo _91073 |
|
| 245 |
_aCorto Maltes 7 : _bVolveremos a hablar de aquellos aventureros. Leopardo / _cHugo Pratt |
||
| 250 | _a1a ed. | ||
| 260 |
_aBuenos Aires : _bArte Grafico, _c2010. |
||
| 300 |
_av. 7, 80 p. ; _c21x14 cm. |
||
| 490 | _vCorto Maltes ; 7 | ||
| 655 | 0 |
_ahistorieta _9207 |
|
| 942 |
_2udc _cBK _n0 |
||
| 999 |
_c28847 _d28847 |
||